Yearly law reporter [2019, YLR, Vol. XXI] / (Record no. 117494)
[ view plain ]
| 000 -LEADER | |
|---|---|
| fixed length control field | 00380nam a22001217a 4500 |
| 005 - DATE AND TIME OF LATEST TRANSACTION | |
| control field | 20220121120340.0 |
| 008 - FIXED-LENGTH DATA ELEMENTS--GENERAL INFORMATION | |
| fixed length control field | 190316b ||||| |||| 00| 0 eng d |
| 040 ## - CATALOGING SOURCE | |
| Transcribing agency | PK-LaUMT |
| 082 ## - DEWEY DECIMAL CLASSIFICATION NUMBER | |
| Classification number | 348.5491026 |
| Item number | YEA- |
| 245 ## - TITLE STATEMENT | |
| Title | Yearly law reporter [2019, YLR, Vol. XXI] / |
| Statement of responsibility, etc | edited by Muhammad Anwar Khokhar . . .[et al.] |
| 260 ## - PUBLICATION, DISTRIBUTION, ETC. (IMPRINT) | |
| Place of publication, distribution, etc | Lahore : |
| Name of publisher, distributor, etc | Yearly Law Reporters, |
| Date of publication, distribution, etc | 2019 |
| 942 ## - ADDED ENTRY ELEMENTS (KOHA) | |
| Koha item type | Law and Policy Journals |
| Withdrawn status | Lost status | Damaged status | Home library | Current library | Date acquired | Full call number | Barcode | Date last seen | Copy number | Price effective from | Koha item type |
|---|---|---|---|---|---|---|---|---|---|---|---|
| UMT Main Campus | UMT Main Campus | 2020-06-03 | 348.5491026 YEA- | 133625 | 2020-06-03 | Pt-1 | 2020-06-03 | Books | |||
| UMT Main Campus | UMT Main Campus | 2020-06-03 | 348.5491026 YEA- | 133626 | 2020-06-03 | Pt-2 | 2020-06-03 | Books | |||
| UMT Main Campus | UMT Main Campus | 2020-06-03 | 348.5491026 YEA- | 133627 | 2020-06-03 | Pt-3 | 2020-06-03 | Books | |||
| UMT Main Campus | UMT Main Campus | 2020-06-03 | 348.5491026 YEA- | 133628 | 2020-06-03 | Pt-4 | 2020-06-03 | Books |
